[Event "Muensterland Regionalliga 1819"]
[Site "Germany"]
[Date "2019.01.12"]
[Round "5.6"]
[White "Hartmann, Steffen"]
[Black "Bruemmer, Andreas"]
[Result "1/2-1/2"]
[WhiteElo "1923"]
[BlackElo "1906"]
[PlyCount "114"]
[EventDate "2018.09.08"]
[EventType "team-tourn"]
[EventRounds "9"]
[EventCountry "GER"]
[SourceTitle "EXT 2020"]
[Source "ChessBase"]
[SourceDate "2019.10.17"]
[SourceVersion "1"]
[SourceVersionDate "2019.10.17"]
[SourceQuality "1"]
[WhiteTeam "Muenster III"]
[BlackTeam "Rheine Klein Berlin"]
[WhiteTeamCountry "GER"]
[BlackTeamCountry "GER"]

1. e4 c5 2. Nf3 Nc6 3. Bb5 g6 4. 0-0 Bg7 5. Bxc6 dxc6 6. h3 Nf6 7. d3 Nd7 8. Nbd2 Qc7 9. a4 e5 10. a5 Nf8 11. Nc4 Ne6 12. Be3 Bd7 13. Qc1 Nd4 14. Nxd4 cxd4 15. Bh6 0-0 16. Bxg7 Kxg7 17. f4 exf4 18. Qxf4 Qxf4 19. Rxf4 f6 20. Re1 Be6 21. Nd2 Rae8 22. e5 fxe5 23. Rxf8 Kxf8 24. Rxe5 Bd5 25. Rxe8+ Kxe8 26. c4 dxc3 27. bxc3 c5 28. c4 Bc6 29. Nb3 b6 30. axb6 axb6 31. Kf2 Ke7 32. Nc1 Ke6 33. Ne2 Ke5 34. g3 Bd7 35. Ng1 Kd4 36. Ke2 Bf5 37. Kd2 Bxd3 38. Nf3+ Ke4 39. Ng5+ Kd4 40. Nf3+ Ke4 41. Ng5+ Kd4 42. Nf3+ Kxc4 43. Ne5+ Kd4 44. Nxd3 g5 45. h4 gxh4 46. gxh4 c4 47. Nb4 b5 48. Nc2+ Ke4 49. Kc3 Kf4 50. Na3 Kg4 51. Nxb5 Kxh4 52. Kxc4 Kg4 53. Kd3 Kg3 54. Nd4 h5 55. Ke3 h4 56. Nf5+ Kg4 57. Nxh4 Kxh4 1/2-1/2

[Event "Muensterland Regionalliga 1819"]
[Site "Germany"]
[Date "2018.09.08"]
[Round "1.6"]
[White "Hartmann, Steffen"]
[Black "Peters, Helmut"]
[Result "1-0"]
[WhiteElo "1923"]
[BlackElo "1941"]
[PlyCount "57"]
[EventDate "2018.09.08"]
[EventType "team-tourn"]
[EventRounds "9"]
[EventCountry "GER"]
[SourceTitle "EXT 2020"]
[Source "ChessBase"]
[SourceDate "2019.10.17"]
[SourceVersion "1"]
[SourceVersionDate "2019.10.17"]
[SourceQuality "1"]
[WhiteTeam "Muenster III"]
[BlackTeam "Muenster II"]
[WhiteTeamCountry "GER"]
[BlackTeamCountry "GER"]

1. e4 c5 2. Nf3 d6 3. Bb5+ Bd7 4. Bxd7+ Qxd7 5. 0-0 Nc6 6. c3 Nf6 7. Qe2 e6 8. d4 cxd4 9. cxd4 d5 10. e5 Ne4 11. Nbd2 Nxd2 12. Bxd2 Be7 13. Rac1 0-0 14. Rc2 f6 15. exf6 Bxf6 16. Bc3 Rfe8 17. Re1 a6 18. Qd3 Qd6 19. Rce2 b5 20. Bd2 g6 21. h4 Rac8 22. h5 Kg7 23. Qe3 Qf8 24. hxg6 hxg6 25. Qh6+ Kf7 26. Qf4 Kg8 27. Rxe6 Rxe6 28. Rxe6 Kg7 29. Qh6+ 1-0

[Event "Muensterland Verbandsliga 1415"]
[Site "Germany"]
[Date "2014.09.27"]
[Round "2.2"]
[White "Fischer, Andreas"]
[Black "Hartmann, Steffen"]
[Result "1-0"]
[WhiteElo "1959"]
[BlackElo "1911"]
[PlyCount "117"]
[EventDate "2014.09.06"]
[EventType "team-tourn"]
[EventRounds "9"]
[EventCountry "GER"]
[SourceTitle "EXT 2016"]
[Source "ChessBase"]
[SourceDate "2015.10.08"]
[SourceVersion "1"]
[SourceVersionDate "2015.10.08"]
[SourceQuality "1"]
[WhiteTeam "Saerbeck"]
[BlackTeam "Muenster V"]
[WhiteTeamCountry "GER"]
[BlackTeamCountry "GER"]

1. e4 c5 2. Nf3 e6 3. d4 cxd4 4. Nxd4 Nc6 5. Nb5 d6 6. c4 Nf6 7. N1c3 Be7 8. Be2 0-0 9. 0-0 a6 10. Nd4 Qc7 11. Nxc6 Qxc6 12. Qd3 Nd7 13. Bf4 Ne5 14. Qg3 Ng6 15. Bg5 Bxg5 16. Qxg5 Bd7 17. Rfd1 Rad8 18. Rd2 Qc7 19. Rad1 Bc8 20. c5 d5 21. b4 f6 22. Qg3 Nf4 23. Bf1 d4 24. Rxd4 Rxd4 25. Rxd4 e5 26. Bc4+ Kh8 27. Rd6 Rd8 28. Rxd8+ Qxd8 29. Qe3 Be6 30. Bxe6 Nxe6 31. Nd5 Qd7 32. h3 Qa4 33. Qd2 h6 34. Ne3 Nd4 35. Nf5 Qc2 36. Qxc2 Nxc2 37. Nd6 Nxb4 38. Nxb7 Nc6 39. Kf1 Kg8 40. Ke2 Kf7 41. a3 Ke7 42. Kd3 Ke6 43. Nd6 g6 44. Nc4 Kd7 45. Nb6+ Ke6 46. Nd5 Nb8 47. Kc4 f5 48. f3 Kd7 49. Kb4 Nc6+ 50. Ka4 fxe4 51. fxe4 Kc8 52. Nb4 Nb8 53. c6 Kc7 54. Ka5 g5 55. g4 Nxc6+ 56. Nxc6 Kxc6 57. Kxa6 Kc5 58. a4 Kb4 59. Kb6 1-0

[Event "Muensterland Verbandsliga 1415"]
[Site "Germany"]
[Date "2014.09.06"]
[Round "1.2"]
[White "Hartmann, Steffen"]
[Black "Jansen, Dirk Norbert"]
[Result "0-1"]
[WhiteElo "1911"]
[BlackElo "1878"]
[PlyCount "85"]
[EventDate "2014.09.06"]
[EventType "team-tourn"]
[EventRounds "9"]
[EventCountry "GER"]
[SourceTitle "EXT 2016"]
[Source "ChessBase"]
[SourceDate "2015.10.08"]
[SourceVersion "1"]
[SourceVersionDate "2015.10.08"]
[SourceQuality "1"]
[WhiteTeam "Muenster V"]
[BlackTeam "Muenster IV"]
[WhiteTeamCountry "GER"]
[BlackTeamCountry "GER"]

1. e4 e6 2. d4 d5 3. Nd2 Nf6 4. e5 Nfd7 5. c3 c5 6. Bd3 Nc6 7. Ne2 cxd4 8. cxd4 f6 9. exf6 Nxf6 10. Nf3 Bd6 11. Bg5 0-0 12. 0-0 Qc7 13. Rc1 Bd7 14. Ng3 h6 15. Bxf6 Rxf6 16. Nh5 Rff8 17. Bb1 Be8 18. Ng3 Rf6 19. Nh4 g5 20. Nf3 Qg7 21. Re1 Bxg3 22. hxg3 Bh5 23. Re3 Raf8 24. Rc2 Qf7 25. Rce2 Rxf3 26. gxf3 Bxf3 27. Qd3 Bxe2 28. Rxe2 e5 29. dxe5 Nxe5 30. Rxe5 Qxf2+ 31. Kh1 Qf1+ 32. Qxf1 Rxf1+ 33. Kg2 Rxb1 34. Re2 Kf7 35. Kf3 Rf1+ 36. Kg4 Rf6 37. Rc2 d4 38. Rd2 Rd6 39. Kf5 Rd5+ 40. Ke4 Ke6 41. Rh2 Kd6 42. Rxh6+ Kc5 43. Rh7 0-1

[Event "Muensterland Verbandsklasse-A 0607"]
[Site "Germany"]
[Date "2007.05.12"]
[Round "9.8"]
[White "Hartmann, Steffen"]
[Black "Junker, Axel"]
[Result "0-1"]
[WhiteElo "1698"]
[BlackElo "1772"]
[PlyCount "64"]
[EventDate "2006.09.23"]
[EventType "team"]
[EventRounds "9"]
[EventCountry "GER"]
[SourceTitle "EXT 2008"]
[Source "ChessBase"]
[SourceDate "2007.11.25"]
[SourceVersion "1"]
[SourceVersionDate "2007.11.25"]
[SourceQuality "1"]
[WhiteTeam "Muenster SK IV"]
[BlackTeam "Sendenhorst"]
[WhiteTeamCountry "GER"]
[BlackTeamCountry "GER"]

1. e4 c5 2. Nf3 d6 3. Bb5+ Bd7 4. Bxd7+ Qxd7 5. 0-0 Nc6 6. c3 g6 7. Qe2 Bg7 8. Rd1 Nh6 9. d4 cxd4 10. cxd4 0-0 11. Nc3 Rac8 12. Bg5 f6 13. Bxh6 Bxh6 14. e5 d5 15. e6 Qd6 16. Qb5 Rfd8 17. Re1 Qb4 18. Qd3 Qxb2 19. Na4 Qb4 20. Nc5 b6 21. Nb3 Qc4 22. Qd1 Nb4 23. Nbd2 Qc2 24. Qe2 Qd3 25. Qxd3 Nxd3 26. Reb1 Rc2 27. Rb3 Nc1 28. Rbb1 Ne2+ 29. Kf1 Bxd2 30. Nxd2 Rxd2 31. Ke1 Rc2 32. Kd1 Rdc8 0-1

[Event "Werther Schloss op-C 12th"]
[Site "Werther"]
[Date "2006.04.07"]
[Round "1"]
[White "Welzel, Markus"]
[Black "Hartmann, Steffen"]
[Result "1/2-1/2"]
[WhiteElo "1721"]
[BlackElo "1590"]
[PlyCount "61"]
[EventDate "2006.04.07"]
[EventType "swiss"]
[EventRounds "5"]
[EventCountry "GER"]
[SourceTitle "EXT 2008"]
[Source "ChessBase"]
[SourceDate "2007.11.25"]
[SourceVersion "1"]
[SourceVersionDate "2007.11.25"]
[SourceQuality "1"]

1. e4 d6 2. d4 g6 3. Nc3 Bg7 4. Be3 Nf6 5. Qd2 Ng4 6. Bg5 h6 7. Bh4 Nd7 8. Be2 Ngf6 9. h3 c6 10. Nf3 Qa5 11. g4 b5 12. Bd3 b4 13. Ne2 c5 14. c3 Bb7 15. d5 Ba6 16. Bxa6 Qxa6 17. Qe3 bxc3 18. Nxc3 Rb8 19. Rb1 0-0 20. Qe2 Qxe2+ 21. Kxe2 Rb4 22. Nd2 Rfb8 23. b3 g5 24. Bg3 Ne8 25. Rbc1 Ne5 26. Bxe5 Bxe5 27. Nc4 Bf4 28. Rcd1 Nc7 29. Kd3 Nb5 30. Nxb5 R4xb5 31. h4 1/2-1/2